01478nam a2200313 i 4500003000900000005001700009007000300026008004100029020001800070040003000088041000800118082001900126100004100145245005800186264004700244300002500291336002700316337003300343338002800376500006700404520020100471590002700672910001400699942001400713952013600727952014200863952014201005999001701147DO-SdBNP20250811092720.0ta250811t2025 dr 000 0 spa d z9789945295511 aDO-SdBNPbspacBNPHUerda aspa axxxxbM7782221 aMontero, Anahayeautora4aut.91134614aLas huellas me enseñaron a vivir /cAnahay Montero aSanto Domingo :bEditora Emanuel,c[2025]. a86 páginasc22 cm. atextobtxt2rdacontent asin mediaciónbn2rdamedia avolumenbnc2rdacarrier aIncluye datos biográficos de la autora en la contracubierta. aNo permitas que el mundo y sus golpes borren lo que Dios ha puesto en ti, avanza. Esfuérzate y sé valiente dice su palabra, que el Señor tu Dios estará contigo todos los días de tu vida. aInventariado, 2025/ YL aYLockward 2ddccLBS1 00102ddc51708PDaBNPHUbBNPHUcCTd2025-08-04eDepósito Legall0oBNPHU PD xxxx M778p2025-8157r2025-08-11w2025-08-11yLBS1 00102ddc51708PDaBNPHUbBNPHUcCTd2025-08-04eDepósito Legall0oBNPHU PD xxxx M778p2025-8158r2025-08-11te. 2w2025-08-11yLBS1 00102ddc56708DSaBNPHUbBNPHUcCTd2025-08-04eDepósito Legall0oBNPHU DS xxxx M778p2025-8159r2025-08-11te. 3w2025-08-11yLBS1 c59753d59753